| 000 | | | 04991cmc2a2200000#x 450 |
| 001 | | | 01c97ea0-d299-40e0-8364-3275828baca6 |
| 005 | | | 20180202114338.0 |
| 100 | ## | $a | 20150121l18471847k l0rusy0189 ca |
| 101 | 0# | $a | rus |
| 102 | ## | $a | RU |
| 200 | 1# | $a | Уездное училище в городе Екатеринбурге Пермской губернии. Фасады и планы главного здания, флигеля и служб; генеральный план места. Архитектор П. С. Гесс |
| | $j | 3 февраля 1847 г. |
| 251 | ## | $c | Дело |
| 801 | #0 | $a | RU |
| | $b | РГИА |
| | $c | 20150121 |
| 801 | #1 | $a | RU |
| | $b | ГлавНИВЦ |
| | $c | 20150121 |
| | $2 | rusmarc |
| 801 | #2 | $a | RU |
| | $b | ПБ им. Б.Н. Ельцина |
| | $c | 20151223 |
| | $g | RCR |
| | $2 | rusmarc |
| 850 | ## | $a | Федеральное казенное учреждение "Российский государственный исторический архив" (РГИА) |
| 852 | ## | $a | РГИА |
| | $j | 539 |
| 937 | ## | $h | РГИА |
| | $d | 12095991 |
| | $a | ASBIBLIO_SCAN |
| 462 | #0 | $1 | 001ee86b81b-e960-47ea-b306-d2b6228ebbd9 |
| | $1 | 2001 |
| | $a | 1796-1888 гг. |
| | $v | Д. 539 |
| | $1 | 251 |
| | $c | Опись |
| | $1 | 852 |
| | $j | 96 |
| 461 | #0 | $1 | 001a74412a3-3cc5-4d21-8f0a-dfe2fbd9e72d |
| | $1 | 2001 |
| | $a | Департамент народного просвещения Министерства народного просвещения |
| | $1 | 251 |
| | $c | Фонд |
| | $1 | 852 |
| | $j | 733 |
| 215 | ## | $a | 1 лист |
| | $c | план. |
| | $d | 33x42 см |
| 371 | ## | $a | Документ не является опубликованным и широко распространяемым |
| 105 | ## | $a | е### |
| 122 | 0# | $a | d1847###### |
| 035 | ## | $a | 01c97ea0-d299-40e0-8364-3275828baca6 |
| 605 | ## | $2 | acquisition_Prlib |
| | $3 | DITM\AF\0000004675 |
| | $a | Территория |
| | $l | коллекция |
| 605 | ## | $a | Территория России: Свердловская область |
| | $l | коллекция |
| | $2 | acquisition_Prlib |
| | $3 | LIBNET\UAF\0000046574 |
| 605 | ## | $a | Свердловская область: страницы истории |
| | $l | коллекция |
| | $2 | acquisition_Prlib |
| | $3 | LIBNET\UAF\0000046837 |
| 606 | 1# | $2 | prlib_sh |
| | $3 | LIBNET\UAF\0000072417 |
| | $a | Здания |
| | $j | Чертежи |
| | $y | Екатеринбург, город |
| 617 | ## | $2 | prlib_sh |
| | $c | Пермская губерния |
| 617 | ## | $c | Свердловская область |
| | $2 | prlib_sh |
| 686 | ## | $2 | rubbk |
| | $a | 63.3(28-8Пер)52я67 |
| | $v | LBC/M |
| 300 | ## | $a | Бумага. Тушь, карандаш, акварель |